000 00836nam a22002177a 4500
005 20160216113048.0
010 _a1516EN07 ENG-114827
020 _a9789332546967
_c675.00
035 _aEN-98359
035 _aB-614201-236
037 _aDPL
_bTechniz/Ven
037 _bDBAD/PUB
082 _a547
100 _aGanguly, Ananya
245 _aFundamentals of organic chemistry for the JEE:
_cby Ananya Ganguly
_bmain and advanced /
260 _aNew Delhi
_bPearson Education
_c2015
270 _a11 Community Center, Panchsheel Park
_bNew Delhi
_e110017
300 _aV.2(various pagings) :
_c27cm(pbk)
_bill.
942 _2ddc
_cEN
_mGAN
_h547
999 _c96040
_d96040